Pixelated Flags Quiz - Statistics

General Stats
  • This quiz has been taken 66 times
  • The average score is 14 of 16
Answer Stats
Picture Answer % Correct
Spain
100%
Albania
93%
Bulgaria
93%
Estonia
93%
North Macedonia
93%
Switzerland
93%
Vatican City
93%
Cyprus
91%
Malta
91%
Bosnia and Herzegovina
90%
Luxembourg
90%
San Marino
86%
Slovakia
86%
Liechtenstein
84%
Moldova
84%
Montenegro
84%
No matching quizzes found
Score Distribution
Percent of People with Each Score
Percentile by Number Answered
Your Score History
You have not taken this quiz